000 00644cab a2200241 4500
001 X345
008 090401t1992 xxu||||| |||| 00| 0 eng d
035 _a(Sirsi) u65205
041 _aeng
100 _aBennison, P.
245 _aMaterials for concrete repair and protection - innovation and performance
260 _c1992
350 _a0
490 _aConstruction Repair
_v6(6) November/December 1992, 27-31(5)
650 _aCARBONATION
650 _aCOATINGS
650 _aCONCRETE
650 _aPROTECTION
650 _aWEATHERPROOFING
690 _aBUILT ENVIRONMENT-BUILDING MATERIALS
942 _n0
948 _c04/03/1997
999 _c40656
_d40656